Detalles MARC
| 000 -CABECERA |
| campo de control de longitud fija |
00910cam a2200265 a 4500 |
| 001 - NÚMERO DE CONTROL |
| campo de control |
000010089 |
| 005 - FECHA Y HORA DE LA ÚLTIMA TRANSACCIÓN |
| campo de control |
20200929161834.0 |
| 008 - DATOS DE LONGITUD FIJA--INFORMACIÓN GENERAL |
| campo de control de longitud fija |
790320s1969 ag 000 0 spa |
| 015 ## - NÚMERO DE BIBLIOGRAFÍA NACIONAL |
| Número de bibliografía nacional |
LACAP70-1935 |
| 040 ## - FUENTE DE LA CATALOGACIÓN |
| Centro catalogador/agencia de origen |
DO-SdBNP |
| Lengua de catalogación |
spa |
| Centro/agencia transcriptor |
NSbSU |
| Centro/agencia modificador |
DLC |
| -- |
BNPHU |
| 082 ## - NÚMERO DE LA CLASIFICACIÓN DECIMAL DEWEY |
| Número de clasificación |
A862.44 |
| Número de documento/Ítem |
D226q |
| 049 ## - FONDOS LOCALES (OCLC) |
| Fondos de biblioteca |
BNGR |
| 100 1# - ENTRADA PRINCIPAL--NOMBRE DE PERSONA |
| Nombre de persona |
Darthés, Camilo, |
| Fechas asociadas al nombre |
1889-1974 |
| 9 (RLIN) |
25069 |
| 245 10 - MENCIÓN DE TÍTULO |
| Título |
Qué pequeño era mi mundo! / |
| Mención de responsabilidad, etc. |
Camilo Darthes, Carlos S. Damel. |
| 260 ## - PUBLICACIÓN, DISTRIBUCIÓN, ETC. |
| Lugar de publicación, distribución, etc. |
Buenos Aires, (Argentina) : |
| Nombre del editor, distribuidor, etc. |
Ediciones Carro de Tespis, |
| Fecha de publicación, distribución, etc. |
1969. |
| 300 ## - DESCRIPCIÓN FÍSICA |
| Extensión |
87 p. ; |
| Dimensiones |
19 cm. |
| 490 1# - MENCIÓN DE SERIE |
| Mención de serie |
Argentores |
| Designación de volumen o secuencia |
106 |
| 586 ## - NOTA DE PREMIOS |
| Nota de premios |
Premios Argentores, 1954 |
| 650 #4 - PUNTO DE ACCESO ADICIONAL DE MATERIA--TÉRMINO DE MATERIA |
| Término de materia o nombre geográfico como elemento de entrada |
Teatro argentino |
| 9 (RLIN) |
4843 |
| 650 #4 - PUNTO DE ACCESO ADICIONAL DE MATERIA--TÉRMINO DE MATERIA |
| Término de materia o nombre geográfico como elemento de entrada |
Literatura argentina |
| 9 (RLIN) |
3860 |
| 700 1# - PUNTO DE ACCESO ADICIONAL--NOMBRE DE PERSONA |
| Nombre de persona |
Damel, Carlos S. |
| Forma completa/desarrollada del nombre |
(Carlos Santiago), |
| Fechas asociadas al nombre |
1890-1959, |
| 9 (RLIN) |
25070 |
| 710 2# - PUNTO DE ACCESO ADICIONAL--NOMBRE DE ENTIDAD CORPORATIVA |
| Nombre de entidad corporativa o nombre de jurisdicción como elemento de entrada |
Sociedad General de Autores de la Argentina |
| 9 (RLIN) |
25071 |
| 830 #0 - PUNTO DE ACCESO ADICIONAL DE SERIE-TÍTULO UNIFORME |
| Título uniforme |
Argentores ; |
| Designación de volumen o secuencia |
106 |
| 9 (RLIN) |
25072 |
| 910 ## - DATOS DE OPCIÓN DEL USUARIO (OCLC) |
| Datos de opción del usuario |
Catalogación por copia / LC |